MARC

Tag First Indicator Second Indicator Subfields
LEADER 00000cam a22000001i 4500
001 in00004092913
005 20200117105557.0
006 m |o d |
007 cr |n|||||||||
008 191015s2019 mdu ob 001 0 eng d
020 |a 9781421432779 (electronic bk.) 
020 |a 1421432773 (electronic bk.) 
020 |z 9781421432762 
020 |z 1421432765 
024 8 |a 40029460753 
035 |a (NhCcYBP)ybp16472895 
040 |a NhCcYBP  |c NhCcYBP  |d UtOrBLW 
043 |a n-us--- 
050 4 |a LB2342  |b .S555 2019 
082 0 4 |a 378.1/06  |2 23 
100 1 |a Smith, Dean O.,  |d 1944-  |e author.  |0 http://id.loc.gov/authorities/names/n2010056578 
245 1 0 |a How university budgets work /  |c Dean O. Smith. 
264 1 |a Baltimore :  |b Johns Hopkins University Press,  |c [2019] 
300 |a 1 online resource. 
336 |a text  |b txt  |2 rdacontent 
337 |a computer  |b c  |2 rdamedia 
338 |a online resource  |b cr  |2 rdacarrier 
490 1 |a Higher ed leadership essentials 
504 |a Includes bibliographical references and index. 
505 0 |a Working with budgets -- University budgets -- Budget models -- Budget planning -- Operating budget preparation -- Budget implementation -- Fiscal year end -- Power of the budget. 
588 |a Description based on print version record. 
500 |a Electronic resource. 
650 0 |a Universities and colleges  |z United States  |x Finance.  |0 http://id.loc.gov/authorities/subjects/sh2008113113 
650 0 |a Universities and colleges  |z United States  |x Accounting. 
650 0 |a Education, Higher  |z United States  |x Administration.  |0 http://id.loc.gov/authorities/subjects/sh2008102760 
650 0 |a Education, Higher  |x Management. 
655 7 |a Electronic books.  |2 local 
710 2 |a Project Muse.  |0 http://id.loc.gov/authorities/names/n96089174 
776 1 8 |c Original  |z 9781421432762  |z 1421432765  |w (DLC) 2019001855 
830 0 |a Higher ed leadership essentials.  |0 http://id.loc.gov/authorities/names/no2019104493 
856 4 0 |u http://proxy.library.tamu.edu/login?url=https://muse.jhu.edu/book/68437  |z Connect to the full text of this electronic book  |t 0 
955 |a YBP purchased approval e-records 
980 |b 55.90  |g 1 
999 f f |s d550a96f-459a-3886-8c44-b6b8b9b5c52f  |i 7899b9cd-64e0-3002-baa6-4bbc71f9cda2  |t 0 
952 f f |a Texas A&M University  |b College Station  |c Electronic Resources  |d Available Online  |t 0  |e LB2342 .S555 2019  |h Library of Congress classification 
998 f f |a LB2342 .S555 2019  |t 0  |l Available Online